S.C. Ghosh on principles & forms of pleading / (Record no. 56629)
[ view plain ]
| 000 -LEADER | |
|---|---|
| fixed length control field | 00973nam a22002657a 4500 |
| 005 - DATE AND TIME OF LATEST TRANSACTION | |
| control field | 20110908145123.0 |
| 008 - FIXED-LENGTH DATA ELEMENTS--GENERAL INFORMATION | |
| fixed length control field | 110908t xxu||||| |||| 00| 0 eng d |
| 010 ## - LCCN (DPL NO) | |
| LC control number | ENG-103797 |
| 020 ## - INTERNATIONAL STANDARD BOOK NUMBER | |
| Terms of availability | 1350.00 |
| International Standard Book Number | 9788171772360 |
| 035 ## - SYSTEM CONTROL NUMBER | |
| System control number | EN-87330 |
| 037 ## - SOURCE OF ACQUISITION | |
| Source of stock number/acquisition | DBAD/PUB |
| 040 ## - CATALOGING SOURCE | |
| Original cataloging agency | DPL |
| Language of cataloging | Eng |
| 082 ## - DEWEY DECIMAL CLASSIFICATION NUMBER | |
| Classification number | 347.54072 |
| 100 1# - MAIN ENTRY--PERSONAL NAME | |
| 9 (RLIN) | 34669 |
| Personal name | Datta, C.R. |
| 245 14 - TITLE STATEMENT | |
| Title | S.C. Ghosh on principles & forms of pleading / |
| Statement of responsibility, etc | by C.R. Datta [and] H.K. Saharay |
| 250 ## - EDITION STATEMENT | |
| Edition statement | 5th ed |
| 260 ## - PUBLICATION, DISTRIBUTION, ETC. (IMPRINT) | |
| Place of publication, distribution, etc | Kolkata |
| Name of publisher, distributor, etc | Eastern Law House |
| Date of publication, distribution, etc | 2011 |
| 270 ## - ADDRESS | |
| Address | 54,Ganesh Chunder Avenue, |
| City | Kolkata |
| Postal code | 700013 |
| Telephone number | 033-22151989 |
| Fax number | 033-22150491 |
| Electronic mail address | elh@cal.vsnl.net.in |
| 300 ## - PHYSICAL DESCRIPTION | |
| Extent | 154,1522p. |
| Dimensions | 24cm (Hb) |
| 500 ## - GENERAL NOTE | |
| General note | Includes index |
| 650 #0 - SUBJECT ADDED ENTRY--TOPICAL TERM | |
| 9 (RLIN) | 34671 |
| 700 ## - ADDED ENTRY--PERSONAL NAME | |
| 9 (RLIN) | 34736 |
| Personal name | Saharay, H.K. |
| 942 ## - ADDED ENTRY ELEMENTS (KOHA) | |
| Source of classification or shelving scheme | Dewey Decimal Classification |
| Item type | English Books |
| Call number suffix | DAT |
| Classification part | 347.54072 |
| Withdrawn status | Lost status | Source of classification or shelving scheme | Damaged status | Not for loan | Collection code | Home library | Current library | Date acquired | Source of acquisition | Cost, normal purchase price | Total Checkouts | Full call number | Barcode | Date last seen | Copy number | Cost, replacement price | Koha item type |
|---|---|---|---|---|---|---|---|---|---|---|---|---|---|---|---|---|---|
| Dewey Decimal Classification | Non-fiction | D.B.Act.Division | D.B.Act.Division | 15/09/2011 | DBAD/PUB | 1350.00 | 347.54072 GHO | EN-87330 | 15/09/2011 | 1 | 1350.00 | English Books |
